Normal view
MARC view
Entry Personal Name
001 - CONTROL NUMBER
- control field: 32991
003 - CONTROL NUMBER IDENTIFIER
- control field: dpl
005 - DATE AND TIME OF LATEST TRANSACTION
- control field: 20110818110626.0
008 - FIXED-LENGTH DATA ELEMENTS
- fixed length control field: 110818|||a|||||| | ||| d
040 ## - CATALOGING SOURCE
- Original cataloging agency: dpl
- Transcribing agency: dpl
100 ## - HEADING--PERSONAL NAME
- Personal name: Vasudevan Nair, M. T.,
670 ## - SOURCE DATA FOUND
- Source citation: Work cat.: (dpl)55361: Vasudevan Nair, M. T.,, Bear with me mother :, 2010.
670 ## - SOURCE DATA FOUND
- Source citation: Work cat.: (dpl)55361: Vasudevan Nair, M. T.,, Bear with me mother :, 2010.
